16 Villes d'Europe en B et en Images - Statistiques

Statistiques générales
  • Ce quiz a été pris 86 fois
    34 depuis la dernière actualisation
  • Le résultat moyen est 11 sur 16
Statistiques - réponses
Par images Hint Réponse % Correct
France Brest
97%
Espagne Barcelone
93%
Hongrie Budapest
93%
Allemagne Berlin
90%
Roumanie Bucarest
90%
Serbie Belgrade
83%
Slovaquie Bratislava
79%
France Bordeaux
72%
Italie Bari
62%
Italie Bologne
62%
Belgique Bruges
62%
Norvège Bergen
41%
Royaume-Uni Bristol
41%
Allemagne Bonn
38%
Portugal Braga
38%
Suisse Bâle
34%
Aucun quiz correspondant
Distribution des résultats
% des personnes avec chaque résultat
Percentile par nombre de réponses
Votre historique - résultats
Vous n’avez pas pris ce quiz depuis la dernière actualisation